=LDR 00000nam 2200000 4500 =001 INLIS000000000043899 =005 20131008103941 =008 ***********************************ind** =035 ##$$0010-101300000001821 =041 ##$$a ind =082 ##$$a 813 =090 ##$$a 813, Kur l =100 ##$$a Kurniawan, Eka =245 ##$$a Lelaki harimau, Eka Kurniawan =260 ##$$a 2004 $b Jakarta =300 ##$$a 191 hlm, 21 cm =650 ##$$a Fiksi Dewasa Indonesia =850 ##$$a NBPNMAT =990 ##$$a 2090100908/BPAP-NTB/2015